Guess the Country by continent and first letter - Statistics

General Stats
  • This quiz has been taken 154 times
    101 since last reset
  • The average score is 7 of 8
Answers on the Map
Answers color-coded by a green-red scale on the quiz's map according to % correct below.
 
Answer Stats
Continent Letter Answer % Correct
Asia Q Qatar
93%
Africa U Uganda
93%
North America J Jamaica
91%
Oceania N Nauru | New Zealand
85%
North America P Panama
84%
Europe V Vatican City
84%
Asia U Uzbekistan
75%
Oceania M Marshall Islands
62%
No matching quizzes found
Score Distribution
Percent of People with Each Score
Percentile by Number Answered
Your Score History
You have not taken this quiz since the last reset